Tale of Tom kitten. (Record no. 111874)
[ view plain ]
| 000 -LEADER | |
|---|---|
| fixed length control field | 00297nam a2200133 a 4500 |
| 001 - CONTROL NUMBER | |
| control field | 4144 |
| 005 - DATE AND TIME OF LATEST TRANSACTION | |
| control field | 20140414131923.0 |
| 008 - FIXED-LENGTH DATA ELEMENTS--GENERAL INFORMATION | |
| fixed length control field | 090317s19uu xx 00 eng d |
| 050 ## - LIBRARY OF CONGRESS CALL NUMBER | |
| Classification number | ER |
| Item number | T14 1992 |
| 100 ## - MAIN ENTRY--PERSONAL NAME | |
| Personal name | Potter, Beatrix |
| 245 ## - TITLE STATEMENT | |
| Title | Tale of Tom kitten. |
| Withdrawn status | Lost status | Damaged status | Home library | Current library | Shelving location | Date acquired | Total Checkouts | Full call number | Barcode | Date last seen | Price effective from | Koha item type |
|---|---|---|---|---|---|---|---|---|---|---|---|---|
| Munich Library | Munich Library | Easy Reading Section | 03/17/2009 | ER T14 1992 | M2791 | 04/14/2014 | 04/14/2014 | Books | ||||
| Munich Library | Munich Library | Easy Reading Section | 10/27/2010 | ER T14 1992 | M3044 | 04/14/2014 | 04/14/2014 | Books |